zpět

Detail výsledku týmu

Kozlovka, Hradec Králové

Datum a čas kvízu

38 Celkem bodů Celkový počet nahraných bodů na tomto kvízu bez doplňovacích otázek.
3. Pořadí na kvízu Konečné umístění týmu na tomto kvízu.

Zaznamenané odpovědi

# Otázka Odpověď Body Výsledky
1. Sociální sítě minulý týden obl... Frýdek-Mýstek 1
2. Donald Trump se kvůli obvinění... Georgia 1
3. O víkendu proběhl v areálu zná... Helfštýn, Hefaiston 1
4. Minulý týden se v Johannesburg... BRICS 1
5. V neděli skončilo atletické mi... smíšená štafeta (4 × 400 m), hod oštěpem 1
6. Napište jméno anglického polit... Oliver Cromwell 1
7. V dubnu 1961 došlo za podpory... Zátoka sviní 1
8. Z obav před atentátem nechal g... Myanmar 0
9. Přiřaď diktátora k zemi, kde p... 1C 2B 3A 4D 1
10. Který herec hrál hlavní roli v... Sacha Baron Cohen 1